Library Logo

আল্লামা ইকবাল / (Record no. 110853)

000 -LEADER
fixed length control field 00696nam a22001817a 4500
003 - CONTROL NUMBER IDENTIFIER
control field BD-DhUL
005 - DATE AND TIME OF LATEST TRANSACTION
control field 20161018142242.0
008 - FIXED-LENGTH DATA ELEMENTS--GENERAL INFORMATION
fixed length control field 161018b xxu||||| |||| 00| 0 eng d
040 ## - CATALOGING SOURCE
Transcribing agency BD-DhUL
082 ## - DEWEY DECIMAL CLASSIFICATION NUMBER
Classification number 508
Item number ABE
100 ## - MAIN ENTRY--PERSONAL NAME
Personal name আবদুল্লাহ আল-মুতী
245 ## - TITLE STATEMENT
Title আল্লামা ইকবাল /
Statement of responsibility, etc. আবদুল্লাহ আল-মুতী
260 ## - PUBLICATION, DISTRIBUTION, ETC. (IMPRINT)
Place of publication, distribution, etc. কলিকাতা :
Name of publisher, distributor, etc. সংস্কৃত পুস্তক ভাণ্ডার,
Date of publication, distribution, etc. ১৯৮০.
300 ## - PHYSICAL DESCRIPTION
Extent ১১২ পৃ. ;
Dimensions ২০ সেমি.
650 ## - SUBJECT ADDED ENTRY--TOPICAL TERM
Topical term or geographic name as entry element ইতিহাস
General subdivision History
700 ## - ADDED ENTRY--PERSONAL NAME
Personal name সত্যব্রত ভঞ্জ চৌধুরী
942 ## - ADDED ENTRY ELEMENTS (KOHA)
Source of classification or shelving scheme
Koha item type Books
Holdings
Price effective from Date last seen Permanent Location Not for loan Date acquired Source of classification or shelving scheme Koha item type Lost status Withdrawn status Source of acquisition Collection code Damaged status Shelving location Barcode Current Location Full call number
2016-10-182016-10-18Dhaka University Library 2016-10-18 Books  PurchasedNon Fiction General StacksA72309Dhaka University Library508 ABE
Last Updated on September 15, 2019
© Dhaka University Library. All Rights Reserved|Staff Login